| 000 | 00478nam a22001697a 4500 | ||
|---|---|---|---|
| 005 | 20250317164312.0 | ||
| 008 | 250317b |||||||| |||| 00| 0 eng d | ||
| 020 | _a8170963559 | ||
| 050 |
_aPE1585 _b.B6 BOU |
||
| 100 | _aBoulton Marjorie | ||
| 245 |
_aThe Anatomy of Language: _bsaying what we mean/ _cMarjorie Boulton |
||
| 260 |
_aNew Delhi _bKalyani Publishers _c2008 |
||
| 300 |
_aix. 170p. _c14 cm |
||
| 500 | _aIncludes Index | ||
| 650 | _2Language | ||
| 942 |
_2lcc _cBK _n0 |
||
| 999 |
_c4894 _d4894 |
||